| 000 | 00778nam a2200277 4500 | ||
|---|---|---|---|
| 001 | BS2023000217 | ||
| 003 | BR-BrBNA | ||
| 005 | 20241112144628.0 | ||
| 008 | 230926b1999 bl.||||| |||| 00| 0 por d | ||
| 020 | _a85-85872-32-2 | ||
| 040 |
_aBR-BrBNA _bpor. |
||
| 041 | _apor. | ||
| 072 | _aB59 | ||
| 100 |
_4Médium _aGasparetto, Zibia |
||
| 100 | _aLúcius (Espírito) | ||
| 245 |
_aA verdade de cada um / _cZibia Gasparetto; Ditado por: Lucius. |
||
| 250 | _a18. ed. | ||
| 260 |
_aSão Paulo - SP : _bVida & Consciência, _c1999 |
||
| 300 | _a388 p. | ||
| 500 | _aPsicografado pela médium: Zibia Gasparetto. Ditado por: Lucius. | ||
| 650 | _aESPÍRITISMO | ||
| 650 | _aRELIGIÃO | ||
| 909 |
_a202308 _bMaria Neves |
||
| 942 | _cBK | ||
| 999 |
_c10055 _d10055 |
||